000 01439cab a2200457 4500
001 ABS51404
008 090401t1994 xxu||||| |||| 00| 0 eng d
035 _a(Sirsi) u25094
041 _aeng
100 _aLuba, J.
245 _aRecent developments in housing law
260 _c1994
350 _a0
490 _aLegal Action
_vSeptember 1994, 10-15(6)
520 _aDiscussion of recent changes in legislation and case law in the field of housing covering the Criminal Justice and Public Order Bill, termination of tenancies, homelessness, mortgage repossessions, regulations and housing allocation.
650 _aASSIGNMENT
650 _aCARAVAN SITES ACT 1968
650 _aCRIMINAL JUSTICE AND PUBLIC ORDER BILL
650 _aDISCHARGE OF DUTIES
650 _aDISTRESS
650 _aHARASSMENT
650 _aINTENTIONAL HOMELESSNESS
650 _aINTERIM POSSESSION ORDERS
650 _aLANDLORD AND TENANT ACT 1987 S48
650 _aLONG LEASES
650 _aMESNE PROFITS
650 _aMORTGAGE ARREARS
650 _aMORTGAGE REPOSSESSIONS
650 _aPOSSESSION PROCEEDINGS
650 _aPROTECTION FROM EVICTION ACT 1977
650 _aPUBLIC SECTOR
650 _aREGISTERED RENTS
650 _aRENT ACT 1977
650 _aREPAIRS
650 _aSQUATTERS
650 _aTERMINATION OF TENANCIES
690 _aHOUSING
700 _aMadge, N.
942 _n0
948 _c04/03/1997
999 _c16828
_d16828